| 000 | 00380nam a2200157Ia 4500 | ||
|---|---|---|---|
| 008 | 230312s9999||||xx |||||||||||||| ||und|| | ||
| 020 | _a0-201-53174-7 | ||
| 082 |
_a515.15 _bTHO-C |
||
| 100 | _aThomas George B. | ||
| 245 | 0 | _aCalculus and Analytic Geometry | |
| 260 |
_bAddison Wesley _aNew York _c1996 |
||
| 300 | _a1139 | ||
| 546 | _aEng. | ||
| 650 | _aEconomics | ||
| 942 | _cBK | ||
| 999 |
_c4803 _d4803 |
||